000 00737nam a2200133Ia 4500
008 171212s9999 xx 000 0 und d
100 _aBarnstone, Deborah Ascher
245 _cBarnstone, Deborah Ascher
_aBeyond the Bauhaus
_bCultural Modernity in Breslau, 1918-33
260 _bUniversity of Michigan Press
_c2016
440 _aSocial History, Popular Culture, And Politics In Germany
650 _aArt & Art History
650 _aWroclaw (Poland) -- Civilization -- 20th century; Wroclaw (Poland) -- Intellectual life -- 20th century; Modernism (Aesthetics) -- Poland -- Wroclaw -- History -- 20th century; Arts, German -- Poland -- Wroclaw -- History -- 20th century; City and town li
856 _uhttp://jstor.org/stable/j.ctt1gk088m
999 _c352992
_d352992